Central Library OPAC University of Rajshahi

Bible tales in Arab folk-lore / (Record no. 22498)

MARC details
000 -LEADER
fixed length control field 00714nam a2200229 a 4500
001 - CONTROL NUMBER
control field 22498
003 - CONTROL NUMBER IDENTIFIER
rucl marc code BD-RjUL
005 - DATE AND TIME OF LATEST TRANSACTION
control field 20211209000820.0
008 - FIXED-LENGTH DATA ELEMENTS--GENERAL INFORMATION
fixed length control field 500101s1928 xx 000 0 eng d
035 ## - SYSTEM CONTROL NUMBER
System control number (BD-RjUL)22563
040 ## - CATALOGING SOURCE
Original cataloging agency TLM
Transcribing agency TLM
Modifying agency OSU
-- EQO
-- BD-RjUL
Language of cataloging eng
041 1# - LANGUAGE CODE
Language code of text/sound track or separate title engheb
082 ## - DEWEY DECIMAL CLASSIFICATION NUMBER
Edition number 23
Classification number 221.9505
Author mark and year MEB 1928
100 1# - MAIN ENTRY--PERSONAL NAME
Personal name Meyouhas, Joseph,
Dates associated with a name 1868-1942.
9 (RLIN) 222827
245 10 - TITLE STATEMENT
Title Bible tales in Arab folk-lore /
Statement of responsibility, etc. by Joseph Meyouhas ; translated from the Hebrew by Victor N. Levi
260 ## - PUBLICATION, DISTRIBUTION, ETC. (IMPRINT)
Place of publication, distribution, etc. London :
Name of publisher, distributor, etc. Knopf,
Date of publication, distribution, etc. 1928
300 ## - PHYSICAL DESCRIPTION
Pagination 240 p. ;
Size 19 cm.
650 ## - SUBJECT ADDED ENTRY--TOPICAL TERM
Topical term or geographic name as entry element Bible stories, Arabic
9 (RLIN) 222828
Topical term or geographic name as entry element Folklore
Geographic subdivision Arab
9 (RLIN) 222829
700 ## - ADDED ENTRY--PERSONAL NAME
Personal name Levi, Victor N. , tr.
942 ## - ADDED ENTRY ELEMENTS (KOHA)
Source of classification or shelving scheme Dewey Decimal Classification
Koha item type Rare Books
Holdings
Lost status Source of classification or shelving scheme Damaged status Not for loan Collection code Permanent Location Current Location Shelving location Date acquired Total Checkouts Full call number Date last seen Copy number Koha item type
  Dewey Decimal Classification   Not For Loan Rare Books Central Library, University of Rajshahi Central Library, University of Rajshahi Rare Book Section 23/09/2018   RA 221.9505 MEB 1928 23/09/2018 C-1 Rare Books